ARRUPE JESUIT UNIVERSITY

CORONAVIRUS -STOP THE SPREAD - CLEAN,DISINFECT,COVER

When the well runs dry (Record no. 27213)

MARC details
000 -LEADER
fixed length control field 00429nam a2200181Ia 4500
003 - CONTROL NUMBER IDENTIFIER
control field 0100
008 - FIXED-LENGTH DATA ELEMENTS--GENERAL INFORMATION
fixed length control field 130303s9999 xx 000 0 und d
040 ## - CATALOGING SOURCE
Transcribing agency ARRUPELIB
050 ## - LIBRARY OF CONGRESS CALL NUMBER
Classification number BV245.G731979
100 ## - MAIN ENTRY--PERSONAL NAME
Personal name Green, Thomas H
245 ## - TITLE STATEMENT
Title When the well runs dry
260 ## - PUBLICATION, DISTRIBUTION, ETC. (IMPRINT)
Place of publication, distribution, etc Notre Dame, Indiana
260 ## - PUBLICATION, DISTRIBUTION, ETC. (IMPRINT)
Name of publisher, distributor, etc Ave Maria Press
260 ## - PUBLICATION, DISTRIBUTION, ETC. (IMPRINT)
-- 1979
300 ## - PHYSICAL DESCRIPTION
Extent 175p
650 ## - SUBJECT ADDED ENTRY--TOPICAL TERM
Topical term following geographic name as entry element Metaphysics of natural complexes
942 00 - ADDED ENTRY ELEMENTS (KOHA)
Koha issues (borrowed), all copies 2
Holdings
Withdrawn status Lost status Source of classification or shelving scheme Damaged status Not for loan Collection code Home library Current library Shelving location Date acquired Total Checkouts Full call number Barcode Date last seen Copy number Price effective from Koha item type Checked out Date checked out
    Library of Congress Classification     Main Collection ARRUPE LIBRARY ARRUPE LIBRARY Main Collection 04/03/2013   BV245.G731979 46003091627 24/01/2017 1 04/03/2013 Monograph ( Printed materials)    
    Library of Congress Classification     Main Collection ARRUPE LIBRARY ARRUPE LIBRARY Main Collection 04/03/2013 2 BV245.G731979 46600002085 03/03/2020 2 04/03/2013 Monograph ( Printed materials) 28/05/2020 03/03/2020

 

Arrupe Library. PO Box MP320 Mt Pleasant, Harare, Zimbabwe
263 242 745411|librarian@aju.ac.zw